000 00745nam a2200217 u 4500
999 _c65672
_d65672
001 65672
003 Mx-PuUPA
005 20190705120039.0
008 160628s2009 xx r 000 0 spa d
040 _cMx-PuUPA
100 1 _aDoz, Yves L.
_eautor
240 1 0 _aFast strategy : how strategic agility will help you stay ahead of the game. Español
245 1 0 _aAgilidad estratégica /
_cYves Doz y Mikko Kosonen ; traducción, Jorge Alberto Velázquez Arellano.
264 1 _aMéxico, D. F. :
_bGrupo Editorial Patria,
_c2010
300 _a289 Páginas ;
_cIlustraciones.
336 _atexto
_2rdacontent
337 _asin mediación
_2rdamedia
338 _avolumen
_2rdacarrier
650 0 _aPlanificación estratégica
942 _2ddc
_cLI